000 00776nam a2200289Ia 4500
005 20260324112356.0
008 008 260324s9999 xx 000 0 eng d
020 _a9781003435471
037 _aEBOOK
040 _aCRL
040 _beng
040 _cCRL
041 _2eng
041 _aeng
084 _qCRL
100 _aStephan Pauleit; Michael Kellmann; Jürgen Beckmann
_91142433
245 0 _aCreating Urban and Workplace Environments for Recovery and Well-being
245 0 _bNew Perspectives on Urban Design and Mental Health
260 _bTaylor and Francis
260 _c2024
365 _a
365 _b220
856 _uhttp://www.taylorfrancis.com/books/9781003435471
942 _cEBOOK
999 _c1731618
_d1731618